Frederick Wilson (Record no. 6097)

MARC details
000 -LEADER
fixed length control field 00706 a2200205 4500
005 - DATE AND TIME OF LATEST TRANSACTION
control field 20080826113859.0
008 - FIXED-LENGTH DATA ELEMENTS--GENERAL INFORMATION
fixed length control field 080826t xxu||||| |||| 00| 0beng d
010 ## - LCCN (DPL NO)
LC control number ENG-87169
020 ## - INTERNATIONAL STANDARD BOOK NUMBER
International Standard Book Number 8175300574
Terms of availability 495.00
035 ## - SYSTEM CONTROL NUMBER
System control number EN-70702
037 ## - SOURCE OF ACQUISITION
Source of stock number/acquisition DBAD / PUB
082 ## - DEWEY DECIMAL CLASSIFICATION NUMBER
Classification number 920
100 ## - MAIN ENTRY--PERSONAL NAME
Personal name Kala, D.C.
245 ## - TITLE STATEMENT
Title Frederick Wilson
Remainder of title Hulson Sahib of Garhwal
Statement of responsibility, etc by D.C. Kala
260 ## - PUBLICATION, DISTRIBUTION, ETC. (IMPRINT)
Place of publication, distribution, etc Delhi
Name of publisher, distributor, etc Ravi Dayal Publishers
Date of publication, distribution, etc 2006
270 ## - ADDRESS
Address 51-E, Sujan singh Park
Postal code 110 003
City New Delhi
300 ## - PHYSICAL DESCRIPTION
Extent 206 p.
Dimensions 22 cm. (Hb)
942 ## - ADDED ENTRY ELEMENTS (KOHA)
Institution code [OBSOLETE] dpl
Item type English Books
Call number prefix 920 / KAL
Source of classification or shelving scheme Dewey Decimal Classification
Classification part 920
Call number suffix KAL
Holdings
Withdrawn status Lost status Damaged status Not for loan Home library Current library Date acquired Cost, normal purchase price Total Checkouts Full call number Barcode Date last seen Copy number Cost, replacement price Koha item type
        D.B.Act.Division D.B.Act.Division 26/08/2008 495.00   920 KAL EN-70702 15/09/2008 1 495.00 English Books

© Delhi Public Library
Hit Counter
free hit counter